1314 1120 1010 1724 1535 1331 1546 1372 1614 1802 1337 1987 1197 1745 1019 1729 1181 1838 1385 1871 1676 1341 1336 1258 1534 1019 1301 1185 1397 1314 1072 1752 1892 1446 1150 1196 1519 1049 1250 1806 1367 1654 1831 1167 1769 1646 1525 1096 1987 1694 1860 1964 1428 1234 1320 1462 1865 1356 1955 1924 1005 1565 1967 1948 1204 1089 1533 1443 1066 1639 1717 1073 1216 1276 1954 1895 1770 1490 1120 1689 1080 1388 1832 1574 1508 1284 1313 1806 1788 1701 1283 1701 1054 1789 1629 1500 1255 1323 1720 BCNSPRNW ULIB Ver.6.0+V

เปลี่ยนเป็นภาษาไทย

Change to English
 แสดงรายละเอียดบรรณานุกรม
  กลับหน้าหลัก

Brief Record : Get Marc (ISO 2709) : E-mail record : QR code < ปิดหน้าต่าง
LEADER : 00000nam 2200000uu 4500
001    13399112202
003     ULIB
008    110801s2554||||th 000 0 tha d
020    97861625200684
090    นว.^bว264พ 2554
100 0  วรรณศุกร์
245 00 พระจันทร์หวานใจ/^cวรรณศุกร์
260    กรุงเทพฯ:^b1168 publishing,^c2554.
300    300 หน้า
945    ^p189^l0^i18458
995    เกษร
999 ^a ใช้งานได้ทุกระบบ
รายการนี้ยังไม่มีแท็ก
คุณยังไม่ได้ล็อกอิน คุณสามารถมีกิจกรรมร่วมกับเว็บไซต์ได้ แต่ต้องล็อกอินก่อน ::
  ล็อกอิน

รายการสื่อสารสนเทศ

ลำดับที่ ประเภท เลขเรียก/บาร์โค้ด สถานที่ สถานะ
1. นวนิยาย
นวนิยาย
นว. ว264พ 2554  
  Barcode: 18458
ห้องสมุดวิทยาเขตสวรรค์ประชารักษ์
►นวนิยาย
บนชั้น
  ขอยืม

รายการใกล้เคียง
    ผู้แต่ง [วรรณศุกร์]

BibComment


ยังไม่เคยถูกคอมเมนท์

คอมเมนท์ทรัพยากรรายการนี้
  คอมเมนท์: พระจันทร์หวานใจ ว..


 Copyright 2026. Bcnsprnw @Library